000
00278nam a22001217a 4500
008
170707b xxu||||| |||| 00| 0 eng d
041
_a
eng
080
_a
05
100
_a
22
101
_a
GJL
245
_a
FROM BEOWULF TO MODERN BRITISH WRITERS
_c
BALL.J
942
_2
udc
_c
BK
999
_c
20049
_d
20049